| 000 | 00499nam a2200181Ia 4500 | ||
|---|---|---|---|
| 008 | 240925s9999 xx 000 0 und d | ||
| 020 | _a8170298792 | ||
| 082 | _a004.6 ALL | ||
| 100 | _aAllen ,Douglas W. | ||
| 245 | 4 | _aThe Learing Guide to The Internet | |
| 250 | _aNA | ||
| 260 |
_aNew Delhi: _bBPB Publication _c,1997. |
||
| 300 |
_axxi,359p. _bNA _fOriginal |
||
| 500 | _aIncludes Index | ||
| 600 | _aComputer Science | ||
| 650 | _aComputer science, information & general works | ||
| 942 | _cBK | ||
| 999 |
_c3963 _d3963 |
||